RICS Practice Alert - Real Estate Auction Sales (Record no. 122141)

MARC details
000 -LEADER
fixed length control field 01076nam a22002417a 4500
008 - FIXED-LENGTH DATA ELEMENTS--GENERAL INFORMATION
fixed length control field 250415e20250411xxk|||||o|||| 00| 0 eng d
041 ## - LANGUAGE CODE
Language code of text/sound track or separate title eng
110 ## - MAIN ENTRY--CORPORATE NAME
Corporate author Royal Institution of Chartered Surveyors
245 ## - TITLE STATEMENT
Title RICS Practice Alert - Real Estate Auction Sales
Medium [Email update]
260 ## - PUBLICATION INFORMATION
Place of publication London,
Publisher Royal Institution of Chartered Surveyors,
Date 12 April 2025
300 ## - PHYSICAL DESCRIPTION
Physical description email
490 ## - SERIES TITLE
Series statement RICS Practice Alert
520 ## - ABSTRACT
Abstract This Alert acts as a reminder to RICS Members of their regulatory obligations when engaging in real estate auction services under the provisions of RICS’ Auctioneers selling real estate, professional standard.
650 ## - KEYWORDS
Keywords AUCTIONS
650 ## - KEYWORDS
Keywords AUCTIONEERS
650 ## - KEYWORDS
Keywords FRAUD ACT 2006
650 ## - KEYWORDS
Keywords SALE OF LAND ACT 1867
651 ## - SUBJECT ADDED ENTRY--GEOGRAPHIC NAME
Geographic name International
690 ## - BROAD SUBJECT
Broad subject Auctioneering
9 (RLIN) 6218
710 ## - ADDED CORPORATE NAME
Added corporate author Royal Institution of Chartered Surveyors
856 ## - ONLINE RESOURCE
Uniform Resource Identifier <a href="https://www.rics.org/content/dam/ricsglobal/documents/regulation/RICS-Practice-Alert-Real-Estate-Auction-Sales-April-2025-V3.pdf">https://www.rics.org/content/dam/ricsglobal/documents/regulation/RICS-Practice-Alert-Real-Estate-Auction-Sales-April-2025-V3.pdf</a>
Public note View the online Practice Update
942 ## - ADDED ENTRY ELEMENTS (KOHA)
Suppress in OPAC Do not suppress in OPAC
Holdings
Lost status Damaged status Not for loan Current library Shelving location Date acquired Total Checkouts Full call number Date last seen Price effective from Koha item type
      Virtual Online 15/04/2025   email 15/04/2025 15/04/2025 email